|
|
|
|
| LEADER |
00000nam a2200000Ia 4500 |
| 008 |
170228b1999 cr a|||| |||| 00| | spa d |
| 999 |
|
|
|c 1557
|d 1557
|
| 090 |
|
|
|a 06.02.01
|b 493
|
| 100 |
|
|
|9 3673
|a Arias Tencio, Floria
|
| 245 |
1 |
0 |
|a Manual de Educación Intercultural /
|c Floria Arias, Nuria Badilla, Catalina Devandas, Ixel Quesada, compilador/as
|
| 260 |
|
|
|a San José, Costa Rica. :
|b AFS,
|c 1999
|
| 300 |
|
|
|a 157 páginas
|
| 650 |
1 |
4 |
|a EDUCACIÓN
|9 1
|
| 650 |
1 |
4 |
|a CULTURA
|9 378
|
| 650 |
1 |
4 |
|a RELACIONES HUMANAS
|9 1874
|
| 650 |
1 |
4 |
|a TOLERANCIA
|9 2482
|
| 650 |
1 |
4 |
|a EDUCACIÓN INTERCULTURAL
|9 485
|
| 650 |
1 |
4 |
|a TRABAJO EN GRUPO
|9 1295
|
| 650 |
1 |
4 |
|a NIÑOS
|9 59
|
| 700 |
1 |
|
|9 2483
|a Badilla, Nuria
|
| 700 |
1 |
|
|9 2484
|a Devandas, Catalina
|
| 700 |
1 |
|
|9 2485
|a Quesada, Ixel
|
| 942 |
|
|
|i 00835
|h 06.02.01 493
|2 z
|c 01
|